Hodnotenie kvality železničnej nákladnej prepravy ako nástroj zvyšovania kvality prepravy

Rast konkurencie v prevádzkovaní železničných prepravných služieb. Vývoj systémov manažérstva kvality. Uplatňovanie systémov manažérstva kvality na prepravnom trhu. Cieľ systému manažérstva.

Salvato in:
Dettagli Bibliografici
Autore principale: Nedeliak, Ivan
Natura: Capitolo di libro
Lingua:slovacco
Soggetti:
Tags: Aggiungi Tag
Nessun Tag, puoi essere il primo ad aggiungerne!!

MARC

LEADER 00000naa$a2200000$$$4500
001 0034247
005 20230825090708.0
041 0 |a slo 
044 |a SK 
245 1 0 |a Hodnotenie kvality železničnej nákladnej prepravy ako nástroj zvyšovania kvality prepravy  |c Ivan Nedeliak 
520 |a Rast konkurencie v prevádzkovaní železničných prepravných služieb. Vývoj systémov manažérstva kvality. Uplatňovanie systémov manažérstva kvality na prepravnom trhu. Cieľ systému manažérstva. 
610 2 0 |a doprava železničná nákladná 
610 2 0 |a preprava 
610 2 0 |a kvalita 
610 2 0 |a riadenie kvality 
610 2 0 |a systémy riadenia 
610 2 0 |a konkurencia 
100 1 |a Nedeliak, Ivan